| 000 | 004530000a22001810004500 | ||
|---|---|---|---|
| 003 | MACL | ||
| 005 | 20151229170138.0 | ||
| 008 | 151229b xxu||||| |||| 00| 0 eng d | ||
| 040 |
_aMACL _cMACL |
||
| 041 | _aEnglish | ||
| 082 | _a181.4/TIR | ||
| 100 |
_aTritha, Swami Ravi _924341 |
||
| 245 | _aThe Nyayakusumanjali of Udayanacarya | ||
| 260 |
_bThe Adyar Library _c1956 |
||
| 350 | _a5 | ||
| 650 |
_aPhilosophy _924342 |
||
| 942 |
_cBK _k181.4/TIR _2ddc |
||
| 999 |
_c34795 _d34795 |
||